Fire Emblem: Mystery of the Emblem Playable Characters - Picture Quiz - Statistics

General Stats
  • This quiz has been taken 8 times
  • The average score is 51 of 60
Answer Stats
Picture Hint Answer % Correct
Abel
100%
Bantu
100%
Barst
100%
Bord
100%
Caeda
100%
Cain
100%
Castor
100%
Catria
100%
Cord
100%
Draug
100%
Est
100%
Gordin
100%
Hardin
100%
Jagen
100%
Julian
100%
Lena
100%
Linde
100%
Maria
100%
Marth
100%
Merric
100%
Minerva
100%
Navarre
100%
Ogma
100%
Palla
100%
Rickard
100%
Sirius/Camus
100%
Tiki
100%
Wendell
100%
Xane
100%
Arran
83%
Astram
83%
Caesar
83%
Dolph
83%
Jeorge
83%
Macellan
83%
Matthis
83%
Midia
83%
Radd
83%
Roshea
83%
Ryan
83%
Samson
83%
Sedgar
83%
Tomas
83%
Vyland
83%
Wolf
83%
Boah
67%
Cecil
67%
Elice
67%
Lorenz
67%
Luke
67%
Nyna
67%
Phina
67%
Sheena
67%
Yuliya
67%
Arlen
50%
Marisha
50%
Roderick
50%
Samuel
50%
Warren
50%
Jubelo
33%
No matching quizzes found
Score Distribution
Percent of People with Each Score
Percentile by Number Answered
Your Score History
You have not taken this quiz